| 000 | 01112nam a2200253 a 4500 | ||
|---|---|---|---|
| 001 | 000034559 | ||
| 003 | DO-SdBNP | ||
| 005 | 20250602113835.0 | ||
| 008 | 110831s18691970dr 000 0 spa d | ||
| 040 |
_aDO-SdBNP _bspa _cBNPHU |
||
| 049 | _aBNPD | ||
| 082 |
_a970.016 _bC691d, 1864- |
||
| 245 | 0 | 0 |
_aColección de documentos inéditos, realtivos al descubrimiento, conquista y organización de las antiguas poseciones españolas sacado de los archivos del Reino y muy especialmente del de Indias / _cpor Luis Torres de Mendoza. |
| 260 |
_aMadrid : _bImprenta J. M. Pérez, Misericordia, _c1869-1970. |
||
| 300 |
_a42v. ; _c23 cm. |
||
| 500 | _aLa biblioteca posee los volumens 11-15 | ||
| 651 | 0 |
_aAmérica del Sur _xHistoria _yGuerras de Independencia, 1806-1830 _zEspañoles _vEnsayo, conferencias, etc. _94537 |
|
| 651 | 4 |
_aAmérica Latina _xHistoria _y1492-1830 _959067 |
|
| 651 | 4 |
_aOceanía _xDescubrimiento Y Exploraciones _xEspañoles _959068 |
|
| 651 | 4 |
_aEspaña _xHistoria _98844 |
|
| 700 | 1 | 2 |
_aTorres de Mendoza, Luis _ecomp. _959071 |
| 910 | _aValidado. Control de calidad MFF | ||
| 942 |
_2ddc _cLBS1 |
||
| 999 |
_c34050 _d34050 |
||